000 00647cam a2200133 4500500
005 20260111091247.0
041 _afre
042 _adc
245 0 0 _aSyty J., Il primato nell’ecclesiologia ortodossa attuale. Il contributo dell’ecclesiologia di Nicola Afanassieff e John Zizioulas, coll. Studia Antoniana 46, Roma, Pont. Ath. Antonianum, 2002, 24x17, 425 p., 25.82 €. ISBN 88-7257-050-6
260 _c2005.
500 _a5
786 0 _nNouvelle revue théologique | 127 | 4 | 2005-12-15 | p. 623j-647j | 0029-4845
856 4 1 _uhttps://shs.cairn.info/revue-nouvelle-revue-theologique-2005-4-page-623j?lang=fr&redirect-ssocas=7080
999 _c1620737
_d1620737